00642nam a22001937a 450000500170000001000150001702000260003203500130005803700130007108200110008410000230009524501090011826000310022727000800025830000240033850000400036270000210040270000250042320130902144624.0 aENG-107889 c345.00a9788180388576 aEN-91422 bDBAD/PUB a344.54 aMajumdar, Arjya B.00aEnvironment and wildlife laws in India /cby Arjya B. Majumdar, Debosmita Nandy [and] Swaymbhu Mukherjee aGurgaonbLexis Nexisc2013 a14th Floor, Bldg. No.10, Tower-B, DLF Cyber City, Phase-IIbGurgaone122002 axx,303p.c25cm(pbk) aIncludes bibliographical references aNandy, Debosmita aMukherjee, Swayambhu